| 000 | 00280 a2200097 4500 | ||
|---|---|---|---|
| 001 | 59687 | ||
| 100 | _a | ||
| 245 | _aIntroduction to nuclear and Particle Physics; Solutions Manual for second edition | ||
| 260 |
_alondon _bWorld Scientific Publishing _c2006 |
||
| 090 |
_c36562 _d36562 |
||
| 942 |
_aNUST-CAE _c _c29516 |
||
| 999 |
_c294760 _d294760 |
||